000 00742nmm a2200301 a 4500
003 AR-BaBNM
005 20251128202802.0
008 097019s1959 ||||||||||||||000 | spa||
040 _cAR-BaBNM
100 1 _aMoya, Ismael
245 1 0 _aEl arte de los payadores
260 _aBuenos Aires
_bP. Berruti
_c1959
300 0 _a462 p.
650 4 _aLITERATURA ARGENTINA
650 4 _aSOCIOLOGIA CULTURAL
650 4 _aCRITICA LITERARIA
650 4 _aTRADICION ORAL
650 4 _aHISTORIA LITERARIA
650 4 _aESCRITORES
650 4 _aLITERATURA POPULAR
653 0 _aLITERATURA GAUCHESCA
653 0 _aGAUCHOS
653 0 _aPOESIA BUCOLICA
653 0 _aPAYADORES
655 _aLITERATURA
942 _cBK
998 _cMARTIN
999 _c558
_d558